| 000 | 01221nam a2200241Ia 4500 | ||
|---|---|---|---|
| 001 | IA_5018,18/01/2013,18/01/2013,5232272012 mx dine8223223322spa16," | ||
| 002 | Ensenada | ||
| 008 | 220117sEnsenada xx 000 0 und d | ||
| 010 | _a184577 | ||
| 090 | _aT.C.580 P47 EIUPA 2012 | ||
| 100 |
_aPérez Román _9157340 |
||
| 260 |
_aMéxico : _bEl autor, _cEnsenada |
||
| 300 | _a37 h. | ||
| 502 | _aViaje de estudios (EIUPA) -- UACh. Departamento de Ingeniería Agroindustrial | ||
| 505 | _a4 planos \ 1. Plano distribución de áreas (Esc. 1:4) \ 2. Plano de distribución de equipo (Esc. 1:3) \ 3. Diagrama de tubería e instrumentación de equipo de mezclado \ 4. Diagrama de flujo de proceso | ||
| 650 |
_aFood industry _xMexico _xBaja California Norte _9157341 |
||
| 650 |
_aIndustria de los alimentos _xMéxico _xBaja California Norte _9157342 |
||
| 650 |
_aTomates _9148443 |
||
| 650 |
_aTomatoes _9148444 |
||
| 904 | _aEnsenada | ||
| 942 | _c2012 \ Coordinación: Arturo Pérez Román y Artemio Pérez López \ 7° año Grupo 4 | ||
| 999 |
_c184577 _d184577 |
||